000 00635nam a22002057a 4500
003 OSt
005 20240626111506.0
008 240626b |||||||| |||| 00| 0 eng d
020 _a9780415552059
040 _cDDC
082 _a371.822 GEN 2008
100 _aEdited by Shailaja Fennell; Madeleine, Arnot
_917994
245 _aGender Education and Equality in a Global Context: conceptual frameworks and policy perspectives
260 _aLondon;
_bRoutledger
_c2008
300 _axii,230p; ill: 23cm
504 _aReferences & index included
650 _aGender studies
_913030
650 _aEquitty
_917995
942 _2ddc
_cO_SHELF
999 _c8898
_d8898